Tilastot visalle 40 maata, joissa on suurin väestö!

Klikkaa tästä pelataksesi tätä visaa!

Yleistilastot

  • Tätä visaa on pelattu 30 kertaa
  • Keskiarvotulos 17 / 40

Vastaustilastot

LukuValtio% Oikein
1 401 585 247Kiina
100%
1 359 527 236Intia
96%
329 256 465Yhdysvallat
93%
262 787 403Indonesia
81%
142 122 776Venäjä
78%
207 862 518Pakistan
74%
208 846 892Brasilia
70%
203 452 505Nigeria
70%
159 122 776Bangladesh
67%
126 168 156Japan
63%
125 959 205Meksiko
63%
105 893 381Filippiinit
56%
99 413 317Egypti
52%
97 040 334Vietnam
52%
85 281 024Kongon Demokraattinen Tasavalta
48%
67 364 357Ranska
48%
80 457 737Saksa
48%
108 386 391Etiopia
44%
83 024 745Iran
44%
65 105 256Iso-Britannia
44%
62 246 674Italia
44%
68 615 858Thaimaa
44%
81 257 239Turkki
41%
44 694 198Argentiina
22%
51 418 097Etelä-Korea
22%
48 397 527Kenia
22%
49 331 076Espanja
19%
35 881 659Kanada
19%
48 168 996Kolumbia
19%
34 314 130Marokko
19%
55 662 506Myanmar
19%
37 289 000Ukraina
19%
43 120 843Sudan
15%
55 451 343Tansania
15%
41 657 488Algeria
11%
40 853 749Irak
11%
38 420 687Puola
11%
40 853 749Uganda
11%
34 940 837Afganistan
7%
55 380 210Etelä-Afrikan
4%

Tulosjakauma

Persentiili vastausten määrän mukaan

Jokaisen tuloksen saaneiden osuus

Tuloshistoriasi

Et ole pelannut tätä visaa